Java: (Record no. 8891)

MARC details
000 -LEADER
fixed length control field 00639 a2200205 4500
010 ## - LIBRARY OF CONGRESS CONTROL NUMBER
LC control number ENG-88609
020 ## - INTERNATIONAL STANDARD BOOK NUMBER
International Standard Book Number 9788120332911
Terms of availability 695.00
035 ## - SYSTEM CONTROL NUMBER
System control number EN-72142
037 ## - SOURCE OF ACQUISITION
Source of stock number/acquisition DBAD / PUB
082 14 - DEWEY DECIMAL CLASSIFICATION NUMBER
Classification number 005.133
090 ## - LOCALLY ASSIGNED LC-TYPE CALL NUMBER (OCLC); LOCAL CALL NUMBER (OCLC)
-- 9055
-- 9055
100 ## - MAIN ENTRY--PERSONAL NAME
Personal name Deitel, P.J.
245 1# - TITLE STATEMENT
Title Java:
Statement of responsibility, etc by P.J. Deitel [and] H.M. Deitel
Remainder of title how to program/
250 ## - EDITION STATEMENT
Edition statement 7th ed
260 ## - PUBLICATION, DISTRIBUTION, ETC. (IMPRINT)
Place of publication, distribution, etc New Delhi
Name of publisher, distributor, etc Prentice-Hall of India
Date of publication, distribution, etc 2007
300 ## - PHYSICAL DESCRIPTION
Extent xl, 1596p. :
Dimensions 24cm (pbk)
Other physical details ill.
Accompanying material CD-ROM
500 ## - GENERAL NOTE
General note Includes index.
942 ## - ADDED ENTRY ELEMENTS (KOHA)
Institution code [OBSOLETE] dpl
Koha item type English Books
Call number prefix 005.133 / DEI
Holdings
Withdrawn status Lost status Source of classification or shelving scheme Damaged status Not for loan Collection code Home library Current library Source of acquisition Cost, normal purchase price Total Checkouts Full call number Barcode Date last seen Copy number Uniform Resource Identifier Cost, replacement price Price effective from Koha item type
    Dewey Decimal Classification   Not For Loan Non-fiction D.B.Act.Division D.B.Act.Division DBAD/PUB 695.00   005.133 DAI EN-72142 15/09/2008 1 9839 695.00 15/09/2008 English Books

© Delhi Public Library
Hit Counter
free hit counter